00391nam a2200157Ia 4500008004100000041000800041100001200049245005800061260002600119300000900145365000700154520001500161520002900176650000900205999001900214230605s1968 xx 000 0 und d aeng aJerome. aArt and science of managing Hotels/Restau Institution bHayden Book Co.c1968 a275p h10 aHard Board aLost But Money Recovered aC.S. c419650d419650